000 00632nam a22002297a 4500
005 20170124110255.0
010 _aA-001681
020 _c00.00
035 _aA-001681
037 _bCen Lib/Ret
040 _aDPL
_bEN
082 _a884
_bHAZ
100 _aHazlitt, William
_923091
245 _aTable talk /
_cby William Hazlitt
260 _aLondon
_bJ.M.Dent & Sons
_c1961
270 _aLondon
_bLondon
300 _a338p.
_c17cm(Hb)
500 _aIncludes bibliographical reference and index
650 _aEnglish literature
_9112575
650 _aEnglish essays
_921298
942 _2ddc
_cEN
_h884
_mHAZ
999 _c136126
_d136126